100 เรื่องล้ำสมัยในสยาม / (ระเบียนเลขที่ 67400)
| 000 -LEADER | |
|---|---|
| fixed length control field | 01119nam a22002417a 4500 |
| 003 - CONTROL NUMBER IDENTIFIER | |
| control field | NALT |
| 005 - DATE AND TIME OF LATEST TRANSACTION | |
| control field | 20220404102825.0 |
| 008 - FIXED-LENGTH DATA ELEMENTS--GENERAL INFORMATION | |
| fixed length control field | s2554 th ||||| |||| 00| 0 tha d |
| 020 ## - INTERNATIONAL STANDARD BOOK NUMBER | |
| International Standard Book Number | 9786167080307 |
| 040 ## - CATALOGING SOURCE | |
| Original cataloging agency | NALT |
| 050 ## - LIBRARY OF CONGRESS CALL NUMBER | |
| Classification number | DS 563.5 |
| Item number | ศ452ร 2554 |
| 100 0# - MAIN ENTRY--PERSONAL NAME | |
| Personal name | ศิริญญา สุจินตวงษ์ |
| 9 (RLIN) | 25523 |
| 245 10 - TITLE STATEMENT | |
| Title | 100 เรื่องล้ำสมัยในสยาม / |
| Statement of responsibility, etc. | ศิริญญา สุจินตวงษ์. |
| 260 ## - PUBLICATION, DISTRIBUTION, ETC. | |
| Place of publication, distribution, etc. | กรุงเทพฯ : |
| Name of publisher, distributor, etc. | อมรินทร์, |
| Date of publication, distribution, etc. | 2554. |
| 300 ## - PHYSICAL DESCRIPTION | |
| Extent | 215 หน้า : |
| Other physical details | ภาพประกอบ ; |
| Dimensions | 20 ซม. |
| 651 #4 - SUBJECT ADDED ENTRY--GEOGRAPHIC NAME | |
| Geographic name | ไทย |
| General subdivision | ความเป็นอยู่และประเพณี |
| 9 (RLIN) | 7234 |
| 651 #4 - SUBJECT ADDED ENTRY--GEOGRAPHIC NAME | |
| 9 (RLIN) | 7237 |
| Geographic name | ไทย |
| General subdivision | รวมเรื่อง |
| 651 #4 - SUBJECT ADDED ENTRY--GEOGRAPHIC NAME | |
| Geographic name | ไทย |
| General subdivision | ประวัติศาสตร์ |
| -- | รวมเรื่อง |
| 9 (RLIN) | 5863 |
| 651 #4 - SUBJECT ADDED ENTRY--GEOGRAPHIC NAME | |
| Geographic name | ไทย |
| General subdivision | ความเป็นอยู่และประเพณี |
| 9 (RLIN) | 7234 |
| 850 ## - HOLDING INSTITUTION | |
| Holding institution | NALT |
| 942 ## - ADDED ENTRY ELEMENTS (KOHA) | |
| Koha item type | General Book |
| Source of classification or shelving scheme | Library of Congress Classification |
| 998 ## - STAFF NAME (NALT) | |
| -- | 104 |
| -- | สายฝน ดีงาม |
| Withdrawn status | Lost status | Source of classification or shelving scheme | Damaged status | Not for loan | Collection code | Home library | Current library | Shelving location | Date acquired | Source of acquisition | Total Checkouts | Total Renewals | Full call number | Barcode | Date last seen | Date last checked out | Copy number | Price effective from | Koha item type |
|---|---|---|---|---|---|---|---|---|---|---|---|---|---|---|---|---|---|---|---|
| Library of Congress Classification | General Book collection | National Assembly Library of Thailand | National Assembly Library of Thailand | General Book shelves | 14/03/2022 | จัดซื้อทรัพยากร | 3 | 1 | DS 563.5 ศ452ร 2554 | 3961191278 | 12/04/2022 | 31/03/2022 | ฉ.1 | 09/06/2017 | General Book | ||||
| Library of Congress Classification | General Book collection | National Assembly Library of Thailand | National Assembly Library of Thailand | General Book shelves | 04/04/2022 | จัดซื้อทรัพยากร | DS 563.5 ศ452ร 2554 | 3961191279 | 09/06/2017 | ฉ.2 | 09/06/2017 | General Book |
